|
|
|
|
| LEADER |
00000nbm0a2200000 4500 |
| 001 |
154058 |
| 005 |
20240117105607.0 |
| 029 |
0 |
0 |
|a SU
|b 01850069156
|f ТПУ
|
| 035 |
|
|
|a (RuTPU)RU\TPU\book\167110
|
| 035 |
|
|
|a RU\TPU\book\167108
|
| 090 |
|
|
|a 154058
|
| 100 |
|
|
|a 20090220d1985 k y0rusy50 ca
|
| 101 |
0 |
|
|a rus
|
| 102 |
|
|
|a RU
|
| 105 |
|
|
|a a p 001zy
|
| 200 |
1 |
|
|a Разработка электрооборудования малых ГЭС
|a Исследование статических режимов синхронного генератора микроГЭС
|e заключительный отчет о НИР
|e тема: х/д 7-68/83
|f Томский политехнический институт (ТПИ) ; рук. Г. А. Сипайлов, Б. В. Лукутин
|
| 210 |
|
|
|a Томск
|d 1985
|
| 215 |
|
|
|a 39 л.
|
| 320 |
|
|
|a Библиогр.: с. 39.
|
| 610 |
1 |
|
|a отчеты о НИР
|
| 610 |
1 |
|
|a микроГЭС
|
| 610 |
1 |
|
|a генераторы
|
| 610 |
1 |
|
|a эквивалентные нагрузки
|
| 610 |
1 |
|
|a напряжение
|
| 610 |
1 |
|
|a частота
|
| 610 |
1 |
|
|a стабилизация
|
| 610 |
1 |
|
|a труды учёных ТПУ
|
| 675 |
|
|
|a 621.311.21.002.5(04)
|v 3
|
| 702 |
|
1 |
|a Сипайлов
|b Г. А.
|c специалист в области электромеханики
|c профессор Томского политехнического университета
|f 1920-2004
|g Геннадий Антонович
|3 (RuTPU)RU\TPU\pers\12400
|4 673
|
| 702 |
|
1 |
|a Лукутин
|b Б. В.
|c специалист в области электротехники
|c профессор Томского политехнического университета, доктор технических наук
|f 1948-
|g Борис Владимирович
|3 (RuTPU)RU\TPU\pers\21974
|4 677
|9 9293
|
| 712 |
0 |
2 |
|a Томский политехнический институт (ТПИ)
|c (1944-1991)
|3 (RuTPU)RU\TPU\col\1123
|4 595
|
| 801 |
|
1 |
|a RU
|b 63413507
|c 20090220
|g PSBO
|
| 801 |
|
2 |
|a RU
|b 63413507
|c 20150907
|g PSBO
|
| 942 |
|
|
|c BK
|